[Event "23rd WCh U20 Girls"]
[Site "Istanbul TUR"]
[Date "2005.11.21"]
[Round "12"]
[White "Mamedyarova, Turkan"]
[Black "Pahtz, Elisabeth"]
[Result "0-1"]
[WhiteElo "2223"]
[BlackElo "2408"]
[EventDate "2005.11.09"]
[PlyCount "224"]

1.c4 Nf6 2.Nc3 d6 3.g3 g6 4.Bg2 Bg7 5.d3 O-O 6.Bg5 h6 7.Bd2 e5 8.Nf3 Nc6 
9.O-O Bf5 10.e4 Bg4 11.h3 Bxf3 12.Bxf3 Nd7 13.Bg2 Nc5 14.Be3 Kh7 15.Rb1 a5
16.f4 exf4 17.Bxf4 Nd4 18.Qd2 c6 19.Kh2 Nce6 20.Be3 h5 21.Ne2 Nxe2 22.Qxe2
Be5 23.Bf4 h4 24.Qe3 hxg3+ 25.Bxg3 Qh4 26.Qf3 Kg7 27.Rh1 c5 28.Bf1 Rh8 29.
Kg2 Bxg3 30.Qxg3 Qxg3+ 31.Kxg3 Kf6 32.Bg2 Ke5 33.Rhf1 Rh7 34.Rf2 Nd4 35.
Rbf1 Ke6 36.Kf4 Nc6 37.Ke3 Ke7 38.Kd2 Rb8 39.Kc3 b5 40.cxb5 Rxb5 41.b3 Rb4
42.a3 Rd4 43.Rb1 Rh8 44.Bf1 Rb8 45.Rbb2 Ne5 46.Rb1 Ke6 47.Rfb2 Nc6 48.Rh2 
Rh8 49.Be2 Rh4 50.Rf2 Ke7 51.Bf1 Rh5 52.Rbb2 Na7 53.Rf3 Nb5+ 54.Kd2 Rh7 
55.a4 Na7 56.Kc3 Nc6 57.Be2 Rb4 58.Bd1 Rb8 59.Re3 Ke6 60.Rh2 Nd4 61.Rf2 f6
62.Rg2 Kf7 63.Reg3 Rh6 64.h4 Nc6 65.Rf2 Ne5 66.Rh2 Rb4 67.Rgh3 Rd4 68.Rh1 
Ke6 69.Rg3 g5 70.Be2 d5 71.exd5+ Kxd5 72.h5 g4 73.Re3 f5 74.Re1 Nc6 75.Bf1
f4 76.Bg2+ f3 77.Bxf3+ gxf3 78.Rxf3 Rxh5 79.Ree3 Re5 80.Rxe5+ Nxe5 81.Rh3 
Rf4 82.Rh8 Nc6 83.Rh5+ Kd6 84.Rh6+ Kc7 85.Rh7+ Kb6 86.Rd7 Rd4 87.Rh7 Rd6 
88.Rh5 Nb4 89.Rh3 Kc6 90.Rg3 Kb6 91.Rh3 Nc6 92.Re3 Rd4 93.Rh3 Rb4 94.Rh6 
Kc7 95.Rh7+ Kd6 96.Rh6+ Kd5 97.Rh5+ Ne5 98.Rh8 Rb7 99.Rh5 Rf7 100.Rh8 Rf6 
101.Rd8+ Rd6 102.Rh8 Kc6 103.Rh3 Ng6 104.Rf3 Ne7 105.Rh3 Nd5+ 106.Kd2 Rf6 
107.Rh2 Kd6 108.Re2 Rf3 109.Re4 Rf2+ 110.Kc1 Nb4 111.Rh4 Nxd3+ 112.Kd1 Ke5
0-1

[Event "23rd WCh U20 Girls"]
[Site "Istanbul TUR"]
[Date "2005.11.21"]
[Round "12"]
[White "Muhren, Bianca"]
[Black "Ozturk, Kubra"]
[Result "1/2-1/2"]
[WhiteElo "2260"]
[BlackElo "1980"]
[EventDate "2005.11.09"]
[PlyCount "62"]

1.e4 c6 2.d4 d5 3.exd5 cxd5 4.c4 Nf6 5.Nc3 e6 6.Nf3 Be7 7.cxd5 Nxd5 8.Bd3 
O-O 9.O-O Nc6 10.Re1 Bf6 11.Be4 Nce7 12.Bd2 a6 13.Rc1 b5 14.Bb1 Bb7 15.Ne4
Nf5 16.Nc5 Ra7 17.Nxb7 Rxb7 18.Bxf5 exf5 19.Rc6 Qa8 20.Qc2 Ne7 21.Rc5 g6 
22.Ne5 Qd8 23.Bh6 Bg7 24.Bxg7 Kxg7 25.d5 Qd6 26.Nf3 Rd8 27.Rd1 Rbd7 28.h4 
Qf6 29.Qb3 Qd6 30.Qe3 Qf6 31.Qb3 Qd6 1/2-1/2

[Event "23rd WCh U20 Girls"]
[Site "Istanbul TUR"]
[Date "2005.11.21"]
[Round "12"]
[White "Ortiz Aguirre, Nadya Karolina"]
[Black "Szczepkowska, Karina"]
[Result "0-1"]
[WhiteElo "2218"]
[BlackElo "2278"]
[EventDate "2005.11.09"]
[PlyCount "106"]

1.e4 d6 2.d4 Nf6 3.Nc3 Nc6 4.g3 e5 5.d5 Nb8 6.Bg2 Be7 7.Nge2 c6 8.dxc6 
bxc6 9.O-O h5 10.Bg5 Nbd7 11.Na4 Ba6 12.b3 Nf8 13.c4 Ne6 14.Be3 h4 15.Nec3
hxg3 16.fxg3 Bc8 17.Bf3 Nh7 18.Qd2 Bg5 19.Rad1 Nd4 20.Qf2 Bxe3 21.Qxe3 Qg5
22.Qf2 Nf6 23.Ne2 c5 24.Nxd4 cxd4 25.Qd2 Qxd2 26.Rxd2 Bd7 27.Nb2 Ke7 28.b4
Rhc8 29.a3 Rc7 30.Kf2 Rh8 31.h4 Bc6 32.Re1 g5 33.Rde2 gxh4 34.g4 Rg8 35.
Rg1 Rg5 36.Ke1 Rc8 37.Nd3 Bb7 38.c5 Ba6 39.Kd2 Bxd3 40.Kxd3 dxc5 41.Rc2 
Nd7 42.Rh1 Rb8 43.Rc4 Rg6 44.bxc5 Rb3+ 45.Ke2 Rb2+ 46.Kd3 Rc6 47.Rb4 Ra2 
48.Kc4 Rxa3 49.Rb3 Rxc5+ 50.Kb4 Rxb3+ 51.Kxb3 Rc3+ 52.Kb4 Rxf3 53.Rxh4 Rf4
0-1

[Event "23rd WCh U20 Girls"]
[Site "Istanbul TUR"]
[Date "2005.11.21"]
[Round "12"]
[White "Pavlogianni, Despina"]
[Black "Reppen, Ellisiv"]
[Result "1/2-1/2"]
[WhiteElo "1989"]
[BlackElo "1850"]
[EventDate "2005.11.09"]
[PlyCount "59"]

1.e4 d5 2.exd5 Qxd5 3.Nc3 Qa5 4.d4 Nf6 5.Bc4 c6 6.Ne2 Bf5 7.O-O e6 8.Ng3 
Bg6 9.f4 Nbd7 10.f5 exf5 11.Qe2+ Be7 12.Bd2 Qd8 13.Rae1 Nb6 14.Bb3 Rc8 15.
Nxf5 Bxf5 16.Rxf5 Rc7 17.Qf2 O-O 18.Ne4 Rd7 19.c3 Nbd5 20.Bc2 Nxe4 21.Bxe4
Nf6 22.Bc2 c5 23.Qh4 cxd4 24.Ba4 Rd5 25.Rxd5 Nxd5 26.Qxd4 b6 27.Kh1 Bc5 
28.Qd3 Nf6 29.Qe2 Qc7 30.Qf3 1/2-1/2

[Event "23rd WCh U20 Girls"]
[Site "Istanbul TUR"]
[Date "2005.11.21"]
[Round "12"]
[White "Raeva, Elitsa"]
[Black "Nebolsina, Vera"]
[Result "1-0"]
[WhiteElo "2213"]
[BlackElo "2278"]
[EventDate "2005.11.09"]
[PlyCount "121"]

1.d4 d5 2.Nf3 Nf6 3.Bf4 c5 4.e3 Qb6 5.Qc1 cxd4 6.exd4 Nc6 7.c3 Bf5 8.Be2 
Rc8 9.O-O e6 10.Nbd2 Be7 11.Be3 Nb4 12.Ne1 Ng4 13.Qd1 Nxe3 14.fxe3 Nc6 15.
Bd3 Qxb2 16.Bxf5 exf5 17.c4 Bg5 18.Nc2 Ne7 19.Rb1 Qxa2 20.Rxb7 Qa6 21.Rb3 
dxc4 22.Ra3 Qe6 23.Rxa7 O-O 24.Qe2 Nd5 25.Re1 c3 26.Nf3 Bh6 27.Ne5 f6 28.
Ra6 Qe7 29.Nc6 Qf7 30.Qc4 Kh8 31.Ra5 Ne7 32.Qxf7 Rxf7 33.Nxe7 Rxe7 34.Rxf5
Rb7 35.Kf1 Rb2 36.Rc1 Kg8 37.Ke2 Kf7 38.Kd3 Ke6 39.Ra5 Rb3 40.Ra6+ Kf5 41.
Rf1+ Kg6 42.Rfa1 Rb2 43.Rc1 Rb5 44.Ra3 Rg5 45.Ne1 Rh5 46.Nf3 Re8 47.Re1 
Rb5 48.Rxc3 Rb2 49.Re2 Rxe2 50.Kxe2 Kf5 51.Nd2 Ke6 52.Kf3 f5 53.Nb3 Kd5 
54.Nc1 g6 55.Ne2 Re4 56.h3 Bg5 57.g4 Re8 58.gxf5 gxf5 59.Ng3 Ke6 60.Rc5 
Rf8 61.Re5+ 1-0

[Event "23rd WCh U20 Girls"]
[Site "Istanbul TUR"]
[Date "2005.11.21"]
[Round "12"]
[White "Tania, Sachdev"]
[Black "Sharevich, Anna"]
[Result "1-0"]
[WhiteElo "2379"]
[BlackElo "2305"]
[EventDate "2005.11.09"]
[PlyCount "95"]

1.d4 d5 2.c4 e6 3.Nc3 Be7 4.Nf3 Nf6 5.Bg5 h6 6.Bxf6 Bxf6 7.cxd5 exd5 8.e3 
O-O 9.Bd3 c5 10.O-O Nc6 11.dxc5 Bxc3 12.bxc3 Be6 13.Nd4 Ne5 14.Bb1 Re8 15.
f4 Nc4 16.Qd3 Qf6 17.Bc2 Bd7 18.Rae1 Re4 19.Bb3 Qe7 20.Bxc4 dxc4 21.Qxc4 
Rc8 22.Qd3 Rxc5 23.Rf2 f5 24.Nb3 Rc6 25.Nd2 Rd6 26.Qe2 Ra4 27.Nf3 Be6 28.
Qb5 Rc4 29.Qe5 Rd5 30.Qb8+ Rd8 31.Qxa7 Rxc3 32.Qb6 Rc6 33.Qb2 Ra6 34.Qb1 
Rda8 35.Rb2 Rxa2 36.Rxb7 Qd6 37.Rb6 Qd5 38.Rd1 Qc4 39.Nd2 Qd5 40.Nf3 Qc4 
41.Nd2 Qe2 42.Rxe6 Rxd2 43.Rxd2 Qxd2 44.h3 Ra2 45.Qf1 Rc2 46.Kh2 Rc1 47.
Qb5 Rc2 48.Qe8+ 1-0

[Event "23rd WCh U20 Girls"]
[Site "Istanbul TUR"]
[Date "2005.11.21"]
[Round "12"]
[White "Topel, Zehra"]
[Black "Ciobanu, Camelia"]
[Result "1/2-1/2"]
[WhiteElo "2105"]
[BlackElo "2262"]
[EventDate "2005.11.09"]
[PlyCount "30"]

1.c4 e5 2.Nc3 Nc6 3.g3 g6 4.Bg2 d6 5.d3 Be6 6.e3 Bg7 7.Nge2 h5 8.h4 Nh6 9.
Rb1 O-O 10.b3 Qd7 11.Bb2 Ng4 12.O-O Rae8 13.Ne4 f6 14.N2c3 Nd8 15.Qd2 Bf5 
1/2-1/2

[Event "23rd WCh U20 Girls"]
[Site "Istanbul TUR"]
[Date "2005.11.21"]
[Round "12"]
[White "Vasilevich, Irina"]
[Black "Pogonina, Natalia"]
[Result "1/2-1/2"]
[WhiteElo "2389"]
[BlackElo "2401"]
[EventDate "2005.11.09"]
[PlyCount "81"]

1.d4 Nf6 2.Nf3 c5 3.d5 b5 4.Bg5 d6 5.e4 a6 6.Nbd2 g6 7.a4 b4 8.Bd3 Bg7 9.
O-O O-O 10.Nc4 a5 11.Re1 Bb7 12.Qd2 Nbd7 13.Qf4 Re8 14.Rad1 Qc7 15.Qh4 
Rad8 16.Nfd2 Ra8 17.Re3 e6 18.Bf4 e5 19.Bg5 h6 20.Bxf6 Nxf6 21.Be2 Ba6 22.
Kh1 Nd7 23.Qg3 Kh7 24.Bg4 Nb6 25.Nxb6 Qxb6 26.Be2 h5 27.Nc4 Qc7 28.Bd3 Bh6
29.Ree1 Kg7 30.b3 Bf4 31.Qf3 Bxc4 32.Bxc4 h4 33.Qg4 Qc8 34.Qe2 Rh8 35.Rf1 
Qd8 36.Qg4 Qc8 37.Qf3 Qd7 38.Bb5 Qe7 39.Qg4 Ra7 40.Kg1 Qg5 41.Qxg5 1/2-1/2

[Event "23rd WCh U20 Girls"]
[Site "Istanbul TUR"]
[Date "2005.11.21"]
[Round "12"]
[White "Xu Ruoyin"]
[Black "Almer, Julia"]
[Result "1-0"]
[WhiteElo "2079"]
[BlackElo "1943"]
[EventDate "2005.11.09"]
[PlyCount "51"]

1.d4 Nf6 2.c4 e6 3.Nc3 Bb4 4.e3 O-O 5.Bd3 b6 6.Nf3 Bb7 7.O-O Bxc3 8.bxc3 
d6 9.Re1 c5 10.e4 Nc6 11.e5 dxe5 12.dxe5 Nd7 13.Bxh7+ Kh8 14.Bd3 Qc7 15.
Qe2 Ne7 16.Ng5 g6 17.Nf3 Kg7 18.Bg5 Rae8 19.Rad1 Nf5 20.Bxf5 exf5 21.Rxd7 
Qxd7 22.Bf6+ Kg8 23.Qe3 Rxe5 24.Nxe5 Qe6 25.Qg5 Re8 26.Qh4 1-0

[Event "23rd WCh U20 Girls"]
[Site "Istanbul TUR"]
[Date "2005.11.21"]
[Round "12"]
[White "Zawadzka, Jolanta"]
[Black "Gu Xiaobing"]
[Result "1/2-1/2"]
[WhiteElo "2381"]
[BlackElo "2330"]
[EventDate "2005.11.09"]
[PlyCount "114"]

1.e4 c5 2.Nf3 d6 3.d4 Nf6 4.Nc3 cxd4 5.Nxd4 a6 6.Bg5 e6 7.f4 b5 8.e5 dxe5 
9.fxe5 Qc7 10.exf6 Qe5+ 11.Be2 Qxg5 12.O-O Qe5 13.Kh1 Bc5 14.Bf3 Ra7 15.
Nc6 Nxc6 16.Bxc6+ Bd7 17.Qf3 Bd6 18.Bxd7+ Rxd7 19.Qh3 b4 20.Nd5 g5 21.Ne3 
h5 22.Rad1 Bc5 23.Qf3 Rxd1 24.Rxd1 O-O 25.Qxh5 Qxf6 26.Ng4 Qg6 27.Qxg6+ 
fxg6 28.g3 a5 29.Kg2 Rc8 30.Kf3 Bf8 31.Ne3 a4 32.Rd4 Rb8 33.b3 a3 34.Rd7 
Bg7 35.Re7 Rd8 36.Rxe6 Kf7 37.Rb6 Bc3 38.Rb7+ Ke6 39.Rb5 Rd2 40.Rxg5 Rxh2 
41.Rxg6+ Kf7 42.Rd6 Be5 43.Rd5 Bc3 44.g4 Kg6 45.Ke4 Re2 46.Kf3 Rh2 47.Rd3 
Kg5 48.Ke4 Re2 49.Kd5 Kf4 50.Nd1 Bg7 51.Kc4 Rxc2+ 52.Kxb4 Rxa2 53.Nc3 Ra1 
54.Rd2 Ke3 55.Rh2 Bf8+ 56.Ka4 Bg7 57.Ra2 Bxc3 1/2-1/2

[Event "23rd WCh U20 Girls"]
[Site "Istanbul TUR"]
[Date "2005.11.21"]
[Round "12"]
[White "Zhang Xiaowen"]
[Black "Mezioud, Amina"]
[Result "1-0"]
[WhiteElo "2153"]
[BlackElo "1978"]
[EventDate "2005.11.09"]
[PlyCount "85"]

1.e4 e5 2.Nf3 Nc6 3.Bb5 a6 4.Ba4 Nf6 5.O-O b5 6.Bb3 Bc5 7.d3 h6 8.c3 d6 9.
h3 O-O 10.Be3 Ba7 11.a4 b4 12.a5 Qe7 13.Bd5 Bd7 14.Bxc6 Bxc6 15.cxb4 Bxe3 
16.fxe3 d5 17.Nh4 dxe4 18.Nf5 Qe6 19.d4 Kh7 20.Nc3 g6 21.dxe5 Qxe5 22.Qd4 
Nd7 23.Qxe5 Nxe5 24.Nd4 f5 25.b5 axb5 26.Ncxb5 Bxb5 27.Nxb5 c6 28.Nd4 c5 
29.Ne6 Rfc8 30.Rfc1 Nd3 31.Rc3 g5 32.Rb3 Rc6 33.Rb7+ Kg6 34.Nc7 Rc8 35.Nd5
Kh5 36.a6 Nb4 37.Ne7 Rxa6 38.Rxa6 Rf8 39.Re6 g4 40.Rbb6 Rh8 41.Nxf5 gxh3 
42.Ng7+ Kh4 43.Rxe4+ 1-0

[Event "23rd WCh U20 Girls"]
[Site "Istanbul TUR"]
[Date "2005.11.22"]
[Round "13"]
[White "Almer, Julia"]
[Black "Alimova, Maral"]
[Result "1/2-1/2"]
[WhiteElo "1943"]
[BlackElo "2053"]
[EventDate "2005.11.09"]
[PlyCount "62"]

1.d4 d5 2.c4 e6 3.Nf3 Nf6 4.g3 c6 5.Bg2 Be7 6.O-O O-O 7.Qc2 Nbd7 8.Nbd2 
Re8 9.b3 b5 10.e4 bxc4 11.bxc4 Bb7 12.Rb1 Qc8 13.Re1 dxe4 14.Nxe4 Nxe4 15.
Qxe4 Nf6 16.Qc2 c5 17.Bb2 cxd4 18.Bxd4 Bc6 19.Ba1 Rd8 20.h4 Qa6 21.Ng5 
Bxg2 22.Bxf6 Bxf6 23.Qxh7+ Kf8 24.Kxg2 Rac8 25.Qh5 Bxg5 26.hxg5 Ke7 27.Qf3
Rd7 28.g6 fxg6 29.Qg4 Kf7 30.Qf4+ Kg8 31.Qg4 Kf7 1/2-1/2

[Event "23rd WCh U20 Girls"]
[Site "Istanbul TUR"]
[Date "2005.11.22"]
[Round "13"]
[White "Baskite, Viktoria"]
[Black "Ortiz Aguirre, Nadya Karolina"]
[Result "1/2-1/2"]
[WhiteElo "2173"]
[BlackElo "2218"]
[EventDate "2005.11.09"]
[PlyCount "52"]

1.c4 Nf6 2.g3 g6 3.Bg2 Bg7 4.Nc3 d6 5.d4 Nc6 6.Nf3 a6 7.d5 Na5 8.Qa4+ c6 
9.dxc6 O-O 10.cxb7 Bxb7 11.c5 dxc5 12.O-O Bc6 13.Qh4 Rb8 14.Rb1 Rb4 15.Qg5
Ne4 16.Nxe4 Bxe4 17.Bd2 Ra4 18.Rbd1 Rxa2 19.Qxc5 Nb3 20.Qc4 Bd5 21.Qf4 
Bxf3 22.Bc3 Qb6 23.Qxf3 Bxc3 24.Qxc3 Nc5 25.b4 Ne6 26.e4 Ra4 1/2-1/2

[Event "23rd WCh U20 Girls"]
[Site "Istanbul TUR"]
[Date "2005.11.22"]
[Round "13"]
[White "Chaumont, Adeline"]
[Black "Raghavi, Nagarajan"]
[Result "1/2-1/2"]
[WhiteElo "2035"]
[BlackElo "2104"]
[EventDate "2005.11.09"]
[PlyCount "28"]

1.d4 d5 2.c4 e6 3.Nc3 Be7 4.cxd5 exd5 5.Bf4 c6 6.Qc2 Nf6 7.Nf3 O-O 8.e3 
Nbd7 9.Bd3 h6 10.a3 a5 11.O-O Nh5 12.Bg3 Nxg3 13.hxg3 Nf6 14.Na4 Rb8 
1/2-1/2

[Event "23rd WCh U20 Girls"]
[Site "Istanbul TUR"]
[Date "2005.11.22"]
[Round "13"]
[White "Ciobanu, Camelia"]
[Black "Tilenbaeva, Janyl"]
[Result "1/2-1/2"]
[WhiteElo "2262"]
[BlackElo "2019"]
[EventDate "2005.11.09"]
[PlyCount "89"]

1.e4 c6 2.Nf3 d5 3.Nc3 Bg4 4.h3 Bxf3 5.Qxf3 e6 6.d3 Nd7 7.Qg3 Ngf6 8.Be2 
Bb4 9.O-O O-O 10.Bg5 Bxc3 11.bxc3 dxe4 12.Bh6 Ne8 13.dxe4 Qf6 14.Bg5 Qg6 
15.Be7 Qxg3 16.fxg3 Nef6 17.Bxf8 Rxf8 18.Bf3 Nc5 19.Rfe1 Rd8 20.Rad1 Rxd1 
21.Rxd1 Kf8 22.Rd8+ Ke7 23.Ra8 a6 24.Rb8 Nfd7 25.Rh8 h6 26.Kf2 Na4 27.Rg8 
Kf6 28.c4 Nc3 29.a3 Nb1 30.a4 Na3 31.Be2 Nxc2 32.e5+ Nxe5 33.Rb8 Nd7 34.
Rxb7 Nc5 35.Rb6 Nd4 36.Bf3 Nxa4 37.Rxa6 Nc5 38.Rb6 Nd7 39.Ra6 Ne5 40.Be2 
c5 41.Ra5 Nb3 42.Rb5 Nd2 43.Kg1 Ne4 44.Bf3 Nd6 45.Rxc5 1/2-1/2

[Event "23rd WCh U20 Girls"]
[Site "Istanbul TUR"]
[Date "2005.11.22"]
[Round "13"]
[White "Gevorgian, Irina"]
[Black "Umudova, Nargiz"]
[Result "1/2-1/2"]
[WhiteElo "2099"]
[BlackElo "2101"]
[EventDate "2005.11.09"]
[PlyCount "70"]

1.e4 c5 2.Nf3 Nc6 3.d4 cxd4 4.Nxd4 Nf6 5.Nc3 e5 6.Ndb5 d6 7.Bg5 a6 8.Na3 
b5 9.Nd5 Be7 10.Bxf6 Bxf6 11.c3 Ne7 12.Nc2 Nxd5 13.Qxd5 Rb8 14.Nb4 Qb6 15.
Be2 O-O 16.Qd3 Be6 17.Nd5 Bxd5 18.Qxd5 b4 19.c4 Rbc8 20.Rd1 Be7 21.O-O a5 
22.Bg4 Rc5 23.Qd3 Qc7 24.Rc1 Bg5 25.Rc2 Bd8 26.Rd1 Rc6 27.Qf1 Qe7 28.c5 
Bb6 29.cxd6 Rxd6 30.Rxd6 Qxd6 31.g3 Qd4 32.Qc4 g6 33.Qxd4 Bxd4 34.Be2 Kg7 
35.b3 Bc3 1/2-1/2

[Event "23rd WCh U20 Girls"]
[Site "Istanbul TUR"]
[Date "2005.11.22"]
[Round "13"]
[White "Gu Xiaobing"]
[Black "Tania, Sachdev"]
[Result "1-0"]
[WhiteElo "2330"]
[BlackElo "2379"]
[EventDate "2005.11.09"]
[PlyCount "99"]

1.e4 c5 2.Nf3 e6 3.d4 cxd4 4.Nxd4 a6 5.c4 Nf6 6.Nc3 Bb4 7.Bd3 Nc6 8.a3 
Bxc3+ 9.bxc3 Ne5 10.O-O Qc7 11.Bg5 d6 12.f4 Nxd3 13.Qxd3 Bd7 14.Rae1 h6 
15.Bh4 Nh7 16.f5 e5 17.Nc2 f6 18.Rd1 Bc6 19.Rfe1 O-O-O 20.Rb1 Nf8 21.Bf2 
Nd7 22.Nb4 Nc5 23.Qc2 Qa5 24.Nxc6 bxc6 25.Rb4 Kd7 26.Reb1 Ke7 27.Qe2 Rhe8 
28.Qh5 Kf8 29.Be3 Re7 30.g4 Qxa3 31.Rb8 Ree8 32.R8b2 Qxc3 33.Bxh6 Qd4+ 34.
Kg2 Qxe4+ 35.Kg3 gxh6 36.Qxh6+ Kg8 37.Qg6+ Kf8 38.Qxf6+ Kg8 39.Kh4 Qf4 40.
Kh5 Ne6 41.h3 Rd7 42.Rb7 Nc7 43.Qg6+ Rg7 44.Rxc7 Rxg6 45.Kxg6 Qxc4 46.Rbb7
Re6+ 47.fxe6 Qxe6+ 48.Kg5 Qe8 49.Re7 Qd8 50.Kg6 1-0

[Event "23rd WCh U20 Girls"]
[Site "Istanbul TUR"]
[Date "2005.11.22"]
[Round "13"]
[White "Kadziolka, Beata"]
[Black "Andriasian, Siranush"]
[Result "1-0"]
[WhiteElo "2352"]
[BlackElo "2263"]
[EventDate "2005.11.09"]
[PlyCount "113"]

1.e4 c5 2.Nf3 d6 3.d4 cxd4 4.Nxd4 Nf6 5.f3 a6 6.c4 e6 7.Nc3 Be7 8.Be2 b6 
9.O-O Bb7 10.Be3 O-O 11.Qd2 Nc6 12.Rfd1 Qc7 13.Rac1 Ne5 14.Bf1 Rac8 15.Kh1
Qb8 16.b3 Kh8 17.Qf2 Rg8 18.Na4 Bd8 19.Nc2 d5 20.exd5 exd5 21.c5 Re8 22.
Bd4 b5 23.Nb6 Rc6 24.Nb4 Rce6 25.Nd3 Nxd3 26.Bxd3 Bc6 27.Re1 Qf4 28.Red1 
Nh5 29.g3 Qh6 30.Nc8 Bg5 31.f4 Nxf4 32.gxf4 Bh4 33.Qf3 Rxc8 34.Bf5 Rce8 
35.Bxe6 Rxe6 36.f5 Re4 37.Rc2 Rf4 38.Qe3 Bg5 39.Qe5 Re4 40.Qd6 Re8 41.Qxh6
Bxh6 42.Kg2 Re4 43.f6 Rg4+ 44.Kf1 b4 45.fxg7+ Kg8 46.Kf2 Rf4+ 47.Kg3 Re4 
48.Rf2 Bxg7 49.Bxg7 Kxg7 50.Rf4 Re3+ 51.Kf2 Rc3 52.Rxb4 Rxc5 53.Rd2 Kf6 
54.Rh4 Kg6 55.Ke3 f5 56.Kd4 Rc1 57.Rg2+ 1-0

[Event "23rd WCh U20 Girls"]
[Site "Istanbul TUR"]
[Date "2005.11.22"]
[Round "13"]
[White "Levacic, Melissa"]
[Black "Pavlogianni, Despina"]
[Result "0-1"]
[WhiteElo "1993"]
[BlackElo "1989"]
[EventDate "2005.11.09"]
[PlyCount "76"]

1.e4 g6 2.d4 c5 3.Nf3 cxd4 4.Nxd4 Nc6 5.Nf3 Bg7 6.Be2 Nf6 7.Nc3 O-O 8.h3 
d6 9.Be3 Bd7 10.Qd2 Re8 11.Bh6 Bh8 12.Ng5 Rc8 13.f4 Qb6 14.Rb1 Qd4 15.Rd1 
Qxd2+ 16.Rxd2 Red8 17.O-O Be8 18.Rfd1 Nd7 19.Rd3 Nb4 20.Rg3 Nxc2 21.h4 Nd4
22.Bg4 e6 23.h5 Nf6 24.hxg6 hxg6 25.Bh3 Rxc3 26.Rxc3 Ne2+ 27.Kf2 Nxc3 28.
bxc3 Nh5 29.Kf3 Bxc3 30.Rc1 Ba5 31.f5 exf5 32.exf5 Bc6+ 33.Kg4 Nf6+ 34.Kh4
Bd5 35.fxg6 fxg6 36.Rf1 Nh7 37.g4 Re8 38.Rd1 Be1+ 0-1

[Event "23rd WCh U20 Girls"]
[Site "Istanbul TUR"]
[Date "2005.11.22"]
[Round "13"]
[White "Liu Pei"]
[Black "Gregorova, Zuzana"]
[Result "1-0"]
[WhiteElo "2283"]
[BlackElo "2183"]
[EventDate "2005.11.09"]
[PlyCount "57"]

1.d4 d5 2.Nf3 Nf6 3.Bg5 Ne4 4.Bh4 Bf5 5.e3 c6 6.Nbd2 Qb6 7.Qc1 Nd7 8.Be2 
e6 9.O-O Qc7 10.c4 Nxd2 11.Qxd2 dxc4 12.Bxc4 Nb6 13.Bb3 Bd6 14.Qe2 Be4 15.
Nd2 Bg6 16.f4 O-O 17.Rac1 a5 18.a4 Bb4 19.Bg3 Qd7 20.Nf3 Be4 21.Ne5 Qe7 
22.Nd3 f5 23.Ne5 Bd6 24.Be1 Bd5 25.Bxd5 exd5 26.b3 Nd7 27.Rf3 Qe6 28.Bh4 
Be7 29.Qf2 1-0

[Event "23rd WCh U20 Girls"]
[Site "Istanbul TUR"]
[Date "2005.11.22"]
[Round "13"]
[White "Mezioud, Amina"]
[Black "Xu Ruoyin"]
[Result "1-0"]
[WhiteElo "1978"]
[BlackElo "2079"]
[EventDate "2005.11.09"]
[PlyCount "81"]

1.e4 e5 2.Nf3 Nc6 3.Bc4 Bc5 4.c3 Nf6 5.d3 a6 6.O-O Ba7 7.Bg5 O-O 8.Re1 h6 
9.Bh4 d6 10.Nbd2 Na5 11.Qe2 Nxc4 12.Nxc4 g5 13.Nxg5 hxg5 14.Bxg5 Kg7 15.
Ne3 c6 16.Rf1 Qe8 17.Kh1 Rh8 18.f4 Nh5 19.Qf3 Bxe3 20.Qxe3 exf4 21.Bxf4 
Nxf4 22.Rxf4 Rh6 23.Raf1 Rg6 24.Qf2 Be6 25.Qd4+ Kf8 26.Qxd6+ Kg8 27.Qe5 
Bxa2 28.Qh5 Qf8 29.c4 Qg7 30.Qh3 Rf8 31.b4 b5 32.cxb5 axb5 33.Qf3 Be6 34.
Rc1 Ra8 35.g3 Ra2 36.Rh4 Bg4 37.Qf4 Ra1 38.Qb8+ Qf8 39.Rh8+ Kxh8 40.Qxf8+ 
Kh7 41.Rxa1 1-0

[Event "23rd WCh U20 Girls"]
[Site "Istanbul TUR"]
[Date "2005.11.22"]
[Round "13"]
[White "Mongontuul, Batchujagijn"]
[Black "Aketaeva, Dana"]
[Result "1-0"]
[WhiteElo "2261"]
[BlackElo "2256"]
[EventDate "2005.11.09"]
[PlyCount "83"]

1.e4 e5 2.Nf3 Nc6 3.Bb5 a6 4.Ba4 Nf6 5.O-O Nxe4 6.d4 b5 7.Bb3 d5 8.dxe5 
Be6 9.Be3 Be7 10.c3 O-O 11.Nbd2 Bg4 12.Nxe4 dxe4 13.Qd5 exf3 14.Qxc6 fxg2 
15.Qxg2 Qd7 16.Bh6 g6 17.Bxf8 Rxf8 18.Rfe1 Bc5 19.Bd1 Bh3 20.Qg3 Be6 21.
Bf3 Qd2 22.Re2 Qd3 23.Rae1 Rd8 24.Be4 Qd7 25.b3 a5 26.Qg2 Bh3 27.Qg5 Be7 
28.Qg3 Be6 29.Qe3 a4 30.Bc2 Qc6 31.Rd2 Rxd2 32.Qxd2 Bd5 33.Qe3 Bc5 34.Qf4 
Ba3 35.c4 bxc4 36.bxc4 Bxc4 37.Rd1 Bxa2 38.Qxa4 Qxa4 39.Bxa4 c5 40.Ra1 Bb2
41.Rxa2 Bxe5 42.Bb3 1-0

[Event "23rd WCh U20 Girls"]
[Site "Istanbul TUR"]
[Date "2005.11.22"]
[Round "13"]
[White "Nebolsina, Vera"]
[Black "Zhang Xiaowen"]
[Result "1/2-1/2"]
[WhiteElo "2278"]
[BlackElo "2153"]
[EventDate "2005.11.09"]
[PlyCount "82"]

1.d4 Nf6 2.Nf3 g6 3.g3 Bg7 4.Bg2 d6 5.O-O O-O 6.c4 Nc6 7.Nc3 a6 8.Qd3 Bf5 
9.e4 Bg4 10.Be3 Nd7 11.Nd2 e5 12.d5 Nd4 13.f3 Nc5 14.Qb1 Bd7 15.b4 Na4 16.
Nxa4 Bxa4 17.Bxd4 exd4 18.Qd3 c6 19.f4 cxd5 20.exd5 Re8 21.Rae1 Qb6 22.Qa3
Bc2 23.c5 Qb5 24.Ne4 d3 25.Bf3 Qc4 26.Qc1 Qxb4 27.cxd6 f5 28.Ng5 Rxe1 29.
Qxe1 Qxe1 30.Rxe1 d2 31.Re7 Bd4+ 32.Kg2 h6 33.Nf7 Rf8 34.d7 Bb6 35.Nd6 Bc7
36.Nc4 d1=Q 37.Bxd1 Bxd1 38.d6 Bd8 39.Ne5 Ba4 40.Nxg6 Bc6+ 41.Kf1 Bb5+ 
1/2-1/2

[Event "23rd WCh U20 Girls"]
[Site "Istanbul TUR"]
[Date "2005.11.22"]
[Round "13"]
[White "Ozturk, Kubra"]
[Black "Corke, Anya"]
[Result "1/2-1/2"]
[WhiteElo "1980"]
[BlackElo "2222"]
[EventDate "2005.11.09"]
[PlyCount "47"]

1.c4 e5 2.Nc3 Nf6 3.g3 d5 4.cxd5 Nxd5 5.Bg2 Nb6 6.Nf3 Nc6 7.d3 Be7 8.O-O 
O-O 9.a3 a5 10.Be3 Be6 11.Rc1 Nd5 12.Bd2 Nxc3 13.Bxc3 f6 14.Qa4 Ra6 15.Nd2
Qd7 16.Qc2 b5 17.b4 axb4 18.axb4 Nxb4 19.Bxb4 Bxb4 20.Nb3 Qf7 21.Nc5 Bxc5 
22.Qxc5 Ra2 23.Qxb5 Rxe2 24.Qc5 1/2-1/2

[Event "23rd WCh U20 Girls"]
[Site "Istanbul TUR"]
[Date "2005.11.22"]
[Round "13"]
[White "Plazaola, Maria de los Angeles"]
[Black "Dukic, Sandra"]
[Result "1-0"]
[WhiteElo "2087"]
[BlackElo "2140"]
[EventDate "2005.11.09"]
[PlyCount "85"]

1.e4 c5 2.Nf3 Nc6 3.d4 cxd4 4.Nxd4 Qc7 5.Nc3 e6 6.Be3 a6 7.a3 Nf6 8.Be2 
Bd6 9.Qd2 Nxd4 10.Bxd4 Bf4 11.Qd3 e5 12.Be3 Bxe3 13.Qxe3 O-O 14.Rd1 b5 15.
O-O Bb7 16.Rd3 Rfe8 17.Rfd1 Rac8 18.g4 Re7 19.g5 Ne8 20.Bg4 Rd8 21.Qh3 d6 
22.Qh4 d5 23.Rh3 h6 24.gxh6 g6 25.exd5 f5 26.Be2 Rd6 27.Rg3 Kh7 28.Qg5 Rf7
29.h4 Qe7 30.Kh2 Qf8 31.h5 Qxh6 32.Qxh6+ Kxh6 33.hxg6 Rxg6 34.Rh3+ Kg7 35.
Bh5 Nf6 36.Bxg6 Kxg6 37.f3 Rd7 38.Rg3+ Kf7 39.Rg5 Nxd5 40.Nxd5 Bxd5 41.
Rxf5+ Ke6 42.Rh5 a5 43.Re1 1-0

[Event "23rd WCh U20 Girls"]
[Site "Istanbul TUR"]
[Date "2005.11.22"]
[Round "13"]
[White "Pourkashiyan, Atousa"]
[Black "Raeva, Elitsa"]
[Result "1-0"]
[WhiteElo "2271"]
[BlackElo "2213"]
[EventDate "2005.11.09"]
[PlyCount "75"]

1.e4 c5 2.Nf3 Nc6 3.d4 cxd4 4.Nxd4 g6 5.c4 Bg7 6.Be3 Nf6 7.Nc3 O-O 8.Be2 
d6 9.O-O Bd7 10.Qd2 Nxd4 11.Bxd4 Bc6 12.f3 b6 13.Rfd1 Rc8 14.Rac1 Bb7 15.
b3 Nd7 16.Be3 Nc5 17.Nd5 Qe8 18.Bg5 f6 19.Be3 Kh8 20.Bf1 Qf7 21.b4 Ne6 22.
a4 f5 23.exf5 gxf5 24.a5 f4 25.Bf2 bxa5 26.bxa5 Rg8 27.Re1 Be5 28.Bxa7 Ng5
29.Kf2 e6 30.h4 Bxd5 31.Bd4 Nxf3 32.gxf3 Ba8 33.Rxe5 dxe5 34.Bxe5+ Rg7 35.
Qd4 Rg8 36.Bxg7+ Qxg7 37.Qxg7+ Rxg7 38.Rd1 1-0

[Event "23rd WCh U20 Girls"]
[Site "Istanbul TUR"]
[Date "2005.11.22"]
[Round "13"]
[White "Reppen, Ellisiv"]
[Black "Brekke, Jorunn"]
[Result "1-0"]
[WhiteElo "1850"]
[BlackElo "1972"]
[EventDate "2005.11.09"]
[PlyCount "53"]

1.e4 e5 2.Nf3 Nc6 3.Bc4 Nf6 4.d3 Be7 5.O-O O-O 6.c3 d6 7.h3 Na5 8.Bb5 a6 
9.Ba4 b5 10.Bc2 c5 11.Be3 Bb7 12.Nbd2 Nc6 13.d4 Qc7 14.d5 Nb8 15.Nh2 Nbd7 
16.b3 Rfe8 17.c4 b4 18.a4 Bf8 19.Re1 g6 20.Ndf1 Nh5 21.Qd2 Bc8 22.Ng3 Ng7 
23.Bh6 Qd8 24.Ng4 Qe7 25.Rf1 Nf6 26.Nxf6+ Qxf6 27.Bg5 1-0

[Event "23rd WCh U20 Girls"]
[Site "Istanbul TUR"]
[Date "2005.11.22"]
[Round "13"]
[White "Szczepkowska, Karina"]
[Black "Karavade, Eesha"]
[Result "1-0"]
[WhiteElo "2278"]
[BlackElo "2348"]
[EventDate "2005.11.09"]
[PlyCount "131"]

1.f4 g6 2.e4 c5 3.Nf3 Bg7 4.d3 Nc6 5.g3 d6 6.Bg2 e6 7.O-O Nge7 8.c3 O-O 9.
Be3 b6 10.Bf2 Ba6 11.Re1 Rc8 12.Na3 Qd7 13.Qd2 h6 14.Nc2 Kh7 15.Rad1 e5 
16.f5 Qc7 17.g4 Rcd8 18.Ne3 Bc8 19.Bh4 f6 20.Bg3 Nb8 21.c4 Nbc6 22.Nd5 Qd7
23.Bh3 Qe8 24.Rf1 Bd7 25.Bf2 gxf5 26.gxf5 Qh5 27.Bg2 Rg8 28.Bg3 Bh8 29.Qf2
Rdf8 30.a3 Be8 31.Rb1 Rg4 32.b4 Rfg8 33.b5 Nxd5 34.cxd5 Na5 35.Nd2 Qf7 36.
Bf3 R4g7 37.Kh1 Qf8 38.a4 Rb7 39.Bh4 Bf7 40.Qe2 Qe8 41.Nc4 Nxc4 42.dxc4 
Rg5 43.Bxg5 fxg5 44.f6 Bxf6 45.Bg4 Bd8 46.Rf2 Kg7 47.Rbf1 h5 48.Be6 Bg6 
49.h3 Qh8 50.Kg1 Qe8 51.Qf3 Be7 52.Bf7 Bxf7 53.Qxf7+ Qxf7 54.Rxf7+ Kg8 55.
Kg2 Rc7 56.R7f5 Kg7 57.Ra1 Bf6 58.a5 bxa5 59.Rxa5 Rd7 60.Ra6 Bd8 61.Rc6 
Kg8 62.Rc8 Kg7 63.Ra8 Bf6 64.Rf1 Bd8 65.Rf2 Kg8 66.Ra2 1-0